Which Microstate… - Statistics

General Stats
  • This quiz has been taken 12 times
  • The average score is 15 of 24
Answer Stats
Hint Answer % Correct
…has Catalan as its official language? Andorra
100%
…has been accidentally invaded by Switzerland on multiple occasions? Liechtenstein
92%
…did American actress Grace Kelly become princess of? Monaco
92%
…is ruled by a sultan? Brunei
83%
…is one of only two double-landlocked countries in the world? Liechtenstein
83%
…is the world’s only remaining Grand Dutchy? Luxembourg
83%
…is the world’s oldest republic? San Marino
83%
…is the world’s only democratically elected absolute monarchy? Vatican City
83%
…is famous for its Grand Prix in Formula One racing? Monaco
75%
…is a co-principality ruled by both the French president and Bishop of Urgell? Andorra
67%
…was ravaged by phosphate mining in the 20th century? Nauru
67%
…gained independence from the United Kingdom in 1964? Malta
58%
…is not a member of the United Nations? Vatican City
58%
…has a GDP per capita of over 250,000 USD, the highest in the world? Monaco
50%
…has a full moon on its flag? Palau
50%
…gained independence in 1994 after four decades of US trusteeship? Palau
50%
…is over 50% natural parks and reserves? Seychelles
50%
…has a population of around 800? Vatican City
50%
…could be rented out in its entirety for 70,000 USD a night back in 2011? Liechtenstein
42%
…has a semitic language as its official language? Malta
42%
…has the world’s lowest GDP at only 62 million USD as of 2023? Tuvalu
33%
…was formerly known as the Ellice Islands? Tuvalu
33%
…doesn’t have a capital city, but instead an entire district as its capital? Nauru
25%
…has a mandatory legal pledge for tourists to protect the environment and respect local culture? Palau
8%
No matching quizzes found
Score Distribution
Percent of People with Each Score
Percentile by Number Answered
Your Score History
You have not taken this quiz